000
00295nam a22001337a 4500
008
190304b xxu||||| |||| 00| 0 eng d
020
_a
9780075618126
041
_a
eng
080
_2
8th
_a
910
100
_a
42
101
_a
GJEO
245
_a
Physical Geology
_c
Plummer,Ch.C
942
_2
udc
_c
BK
999
_c
54408
_d
54408